| 000 | 00638nam a2200205Ia 4500 | ||
|---|---|---|---|
| 003 | GCL | ||
| 008 | 140319s9999 xx 000 0 ara d | ||
| 040 |
_aGCL / _cGCL |
||
| 082 | 0 | 4 |
_a320.962 _bا ن |
| 100 | 1 | _aاحمد فارس | |
| 245 | 1 | 0 |
_aالنظام السياسى المصرى وتحديات الثمانينات 1982-1952 , ط2 / _cاحمد فارس |
| 700 | 1 | _aعبدالغفار رشاد | |
| 260 |
_a[S.N] : _bمكتبة نهضة الشرق ، _c1986 |
||
| 300 | _a317 ص | ||
| 490 | _a | ||
| 650 | 0 | 4 | _aمصر |
| 650 | 0 | 4 | _aالنظام السياسى |
| 650 | 0 | 4 | _aالثقافة السياسية |
| 942 |
_2ddc _cBK |
||
| 999 |
_c35483 _d35483 |
||